Alternatívne režimy protiinflačnej politiky a cielenie inflácie

Alternatívne režimy menovej politiky. Režimy menovej politiky v tranzitívnych ekonomikách. Podstata cielenia inflácie. Špecifiká inflačného cieľa. Motivácie pre zavedenie cielenia inflácie. Predpoklady zavedenia režimu cielenia inflácie. Pozitíva režimu cielenia inflácie. Problémy spojené s režimom...

Descrizione completa

Salvato in:
Dettagli Bibliografici
Autore principale: Gonda, Vladimír
Natura: Capitolo di libro
Lingua:slovacco
Soggetti:
Tags: Aggiungi Tag
Nessun Tag, puoi essere il primo ad aggiungerne!!

MARC

LEADER 00000naa$a2200000$$$4500
001 0004930
005 20231004075714.3
041 0 |a slo 
044 |a CZ 
245 1 0 |a Alternatívne režimy protiinflačnej politiky a cielenie inflácie  |c aut. Vladimír Gonda 
520 |a Alternatívne režimy menovej politiky. Režimy menovej politiky v tranzitívnych ekonomikách. Podstata cielenia inflácie. Špecifiká inflačného cieľa. Motivácie pre zavedenie cielenia inflácie. Predpoklady zavedenia režimu cielenia inflácie. Pozitíva režimu cielenia inflácie. Problémy spojené s režimom cielenia inflácie. Cielenie inflácie a SR - potreba hľadania novej nominálnej kotvy. 
610 2 0 |a politika protiinflačná 
610 2 0 |a stratégia menová 
610 2 0 |a cielenie inflácie 
610 2 0 |a SVE 
610 2 0 |a politika menová 
610 2 0 |a monetarizmus 
610 2 0 |a kurz menový 
610 2 0 |a Slovensko 
100 1 |a Gonda, Vladimír